| 000 | 00000nam 2200000zi 4500 |
| 001 | 9.945373 |
| 003 | CaOODSP |
| 005 | 20250403102726 |
| 006 | m o d f |
| 007 | cr cn||||||||| |
| 008 | 241120e20250127oncd ob f000 0 fre d |
| 020 | |a9780660745879 |
| 040 | |aCaOODSP|bfre|erda|cCaOODSP |
| 043 | |an-cn--- |
| 086 | 1 |aCS172-00001/2025-1F-PDF |
| 100 | 1 |aMorency, Jean-Dominique, |eauteur. |
| 245 | 13|aLe modèle de microsimulation demosim à Statistique Canada : |bun outil de planification et d'évaluation de politiques / |cpar Jean-Dominique Morency, Samuel Vézina et Patrice Dion. |
| 264 | 1|a[Ottawa] : |bStatistique Canada = Statistics Canada, |c27 janvier 2025. |
| 264 | 4|c©2025 |
| 300 | |a1 ressource en ligne (20 pages) : |bgraphiques en couleur |
| 336 | |atexte|btxt|2rdacontent/fre |
| 337 | |ainformatique|bc|2rdamedia/fre |
| 338 | |aressource en ligne|bcr|2rdacarrier/fre |
| 500 | |aPublié aussi en anglais sous le titre : The demosim microsimulation model at Statistics Canada: a tool for policy planning and evaluation. |
| 504 | |aComprend des références bibliographiques (pages 18-20). |
| 520 | |a« Cet article vise à fournir, aux utilisateurs de projections démographiques, une vue d'ensemble du modèle Demosim, un modèle de projection démographique par microsimulation maintenu à Statistique Canada. Par des exemples concrets, on démontre dans quels contextes Demosim peut être utile pour répondre à diverses questions de recherche et pour supporter la planification et l'évaluation de politiques publiques. On discute également des avantages, des complexités et des inconvénients de l'usage d'un tel modèle » -- Fourni par l'éditeur. |
| 650 | 6|aPrévision démographique|zCanada|xMéthodes statistiques. |
| 710 | 2 |aStatistique Canada, |eorganisme de publication. |
| 775 | 08|tThe demosim microsimulation model at Statistics Canada : |w(CaOODSP)9.945366 |
| 856 | 40|qPDF|s421 Ko|uhttps://publications.gc.ca/collections/collection_2025/statcan/172000012025001-fra.pdf |
| 856 | 4 |qHTML|sS.O.|uhttps://www150.statcan.gc.ca/n1/pub/17-20-0001/172000012025001-fra.htm |